Catálogo
 En Linea

Experiencias científicas para maestros de escuelas elementales / (Registro nro. 24113)

Detalles MARC
000 -CABECERA
campo de control de longitud fija 01195nam a2200289 a 4500
001 - NÚMERO DE CONTROL
campo de control 000024620
005 - FECHA Y HORA DE LA ÚLTIMA TRANSACCIÓN
campo de control 20250225123901.0
008 - DATOS DE LONGITUD FIJA--INFORMACIÓN GENERAL
campo de control de longitud fija 110201s1968 mx a r 000 0 spa d
040 ## - FUENTE DE LA CATALOGACIÓN
Centro catalogador/agencia de origen DO-SdBNP
Lengua de catalogación spa
Centro/agencia transcriptor BNPHU
041 17 - CÓDIGO DE LENGUA
Código de lengua del texto/banda sonora o título independiente spa
Código de lengua original eng
Fuente del código Código de idioma MARC
082 ## - NÚMERO DE LA CLASIFICACIÓN DECIMAL DEWEY
Número de clasificación 372.35
Número de documento/Ítem S163e
049 ## - FONDOS LOCALES (OCLC)
Fondos de biblioteca BNGR
100 1# - ENTRADA PRINCIPAL--NOMBRE DE PERSONA
Nombre de persona Salem, Donald
9 (RLIN) 50483
240 10 - TÍTULO UNIFORME
Título uniforme Science experiences for elementary school teachers.
Lenguaje de la obra Español.
245 10 - MENCIÓN DE TÍTULO
Título Experiencias científicas para maestros de escuelas elementales /
Mención de responsabilidad, etc. Donald Salem ; traducción al español por Hortensia Corona de Contín.
260 ## - PUBLICACIÓN, DISTRIBUCIÓN, ETC.
Lugar de publicación, distribución, etc. México, D. F. :
Nombre del editor, distribuidor, etc. Centro Regional de Ayuda Técnica,
Fecha de publicación, distribución, etc. 1968.
300 ## - DESCRIPCIÓN FÍSICA
Extensión vii, 102, [13] p. :
Otras características físicas il. ;
Dimensiones 18 cm.
490 1# - MENCIÓN DE SERIE
Mención de serie Manual Uthea breve
Designación de volumen o secuencia 394
490 1# - MENCIÓN DE SERIE
Mención de serie Educación
Designación de volumen o secuencia 17
500 ## - NOTA GENERAL
Nota general Biblioteca práctica del maestro moderno.
534 ## - NOTA SOBRE LA VERSIÓN ORIGINAL
Encabezamiento principal del original Título original:
Mención de título del original Science experiences for elementary school teachers
650 #0 - PUNTO DE ACCESO ADICIONAL DE MATERIA--TÉRMINO DE MATERIA
Término de materia o nombre geográfico como elemento de entrada Ciencia
9 (RLIN) 50484
650 #4 - PUNTO DE ACCESO ADICIONAL DE MATERIA--TÉRMINO DE MATERIA
Término de materia o nombre geográfico como elemento de entrada Ciencia
Subdivisión general Enseñanza elemental
9 (RLIN) 50485
700 1# - PUNTO DE ACCESO ADICIONAL--NOMBRE DE PERSONA
Nombre de persona Corona de Contín, Hortensia,
Término indicativo de función/relación tr.
9 (RLIN) 50486
710 1# - PUNTO DE ACCESO ADICIONAL--NOMBRE DE ENTIDAD CORPORATIVA
Nombre de entidad corporativa o nombre de jurisdicción como elemento de entrada United States.
Unidad subordinada Agency for International Development
9 (RLIN) 58056
830 #0 - PUNTO DE ACCESO ADICIONAL DE SERIE-TÍTULO UNIFORME
Título uniforme Manual Uthea breve ;
Número de parte o sección de la obra 17
Nombre de parte o sección de la obra Educación
Designación de volumen o secuencia 394
9 (RLIN) 50488
Existencias
Estado de retiro Estado de pérdida Restricciones de uso No para préstamo Código de colección Localización permanente Ubicación/localización actual Ubicación en estantería Fecha de adquisición Número de inventario Total de préstamos Signatura topográfica completa Código de barras Fecha visto por última vez Precio válido a partir de Tipo de ítem Koha Número de copia
        Monografías: Libros y Folletos General General En catalogación 01.02.2011 LF1   372.35 S163e 24620-10 25.06.2020 25.06.2020 Préstamo en sala  
      Préstamo restrigido Monografías: Libros y Folletos General General En catalogación 01.02.2011 LF1   372.35 S163e 24620-20 25.06.2020 25.06.2020 Préstamo en sala e.2

Con tecnología Koha